LEADER 01123nam a2200265 u 4500 001 000000115197 003 CaOOAMICUS 005 20090403152630.0 008 090403s2009 it u000 u ita r 020 $z978-88-311-3782-9* 040 $aPUL$bita$dLDB 100 1 $aBianchini, Francesco,$csac.,$d1972-$0(OLS)http://pul/name/64148 245 10$aLettera ai Galati /$cFrancesco Bianchini. 260 $aRoma :$bCittà Nuova,$cc2009. 300 $a168 p. ;$c21 cm 490 1 $aNuovo Testamento : commento esegetico e spirituale 504 $aBibliografia: p. 165-166. 630 04$aBiblia.$pN.T.$pAd Galatas$xEsegesi.$0(OLS)http://pul/subject/35239 830 0$aNuovo Testamento : commento esegetico e spirituale.$0(OLS)http://pul/title/64675 850 $aPUL 852 $aPUL$W1$xSL Religione 3$y85$m227. 4 BIAFR 1$j131899$qDDC 21$B130884$CPULBib$Z2$F130884 $H109994 $82 941 1 $a9 996 $6020$z978-88-311-3782-9*$9(OLS)http://pul/number/140224 996 $6245$aLettera ai Galati$9(OLS)http://pul/title/32752 996 $6260$aRoma :$bCittà Nuova$9(OLS)http://pul/publisher/47927 LEADER 01037nam a2200277 a 4500 001 000000151143 003 CaOOAMICUS 005 20160407184105.0 008 160407s1934 fr u000 u fre r 032 $aLibriCat 040 $aPUL$bita 100 1 $aBindel, Victor.$0(OLS)http://pul/name/96177 245 10$aClaudel /$cVictor Bindel. 260 $aParis :$bVrin,$c1934. 300 $a177 p. ;$c20 cm. 490 1 $aEssais d'art et de philosophie 504 $aBibliografia in nota a piè pagina. 650 4$aLinguistica$xCritica e interpretazione.$0(OLS)http://pul/subject/26524 830 0$aEssais d'art et de philosophie.$0(OLS)http://pul/title/13172 850 $aPUL 852 $aPUL$W1$xDP1 Cons. Gen., Altre Classi 1$y22$m735 I 29$j173591$qStampati$B175925$CPULBib$Z2$F175925 $H38782 $81 941 1 $a8 961 $aEx libris: Evaristi Carusi. 996 $6245$aClaudel$9(OLS)http://pul/title/190345 996 $6260$aParis :$bVrin$9(OLS)http://pul/publisher/50780